Entry Nombre personal
001 - NÚMERO DE CONTROL
- campo de control: 51223
003 - IDENTIFICADOR DE NÚMERO DE CONTROL
- campo de control: SpMaBN
005 - FECHA Y HORA DE LA ÚLTIMA TRANSACCIÓN
- campo de control: 20250819034727.0
008 - ELEMENTOS DE DATO DE LONGITUD-FIJA
- campo de control de longitud fija: 000405nn aijnnaabn |a aaa
016 ## - NÚMERO DE CONTROL DE UNA AGENCIA BIBLIOGRÁFICA NACIONAL
- Número de control del registro: BNE20001593514
024 8# - IDENTIFICADOR DE OTROS ESTÁNDARES
- Número estándar o código: https://www.museodelprado.es/coleccion/artista/wd/ace08e6d-050 e-40af-b4e3-fbe3f4d41642
024 7# - IDENTIFICADOR DE OTROS ESTÁNDARES
- Número estándar o código: http://viaf.org/viaf/24874715/
- Fuente: viaf
024 7# - IDENTIFICADOR DE OTROS ESTÁNDARES
- Número estándar o código: https://isni.org/isni/0000000066363016
- Fuente: isni
024 7# - IDENTIFICADOR DE OTROS ESTÁNDARES
- Número estándar o código: http://www.wikidata.org/entity/Q5079612
- Fuente: wikidata
040 ## - FUENTE DE CATALOGACIÓN
- Centro catalogador/agencia de origen: SpMaBN
- Lengua de catalogación: spa
- Centro/agencia transcriptor: SpMaBN
- Normas de descripción: rdc
- Convención/Normas de encabezamiento de materia/tesauro: embne
046 ## - FECHAS CON CODIFICACIÓN ESPECIAL
- Fecha de nacimiento: 1721
- Fecha de la muerte: 1797
100 1# - ENCABEZAMIENTO-NOMBRE DE PERSONA
- Nombre de persona: Flipart, Charles Joseph,
- Fechas asociadas al nombre: 1721-1797
370 ## - LUGAR ASOCIADO
- Lugar de nacimiento: París
- Número de control del registro de autoridad o número normalizado: XX451222
- Fuente de información: Wikidata
374 ## - OCUPACIÓN
- Ocupación: Pintores
- Ocupación: Grabadores
- Fuente de información: Wikidata
375 ## - GÉNERO/SEXO
- Género: Masculino
- Fuente de información: Wikidata
400 1# - TRAZADO DE VÉASE--NOMBRE DE PERSONA
- Nombre de persona: Flipart, Charles-Joseph,
- Fechas asociadas al nombre: 1721-1797
400 1# - TRAZADO DE VÉASE--NOMBRE DE PERSONA
- Nombre de persona: Flipart, Giuseppe,
- Fechas asociadas al nombre: 1721-1797
400 1# - TRAZADO DE VÉASE--NOMBRE DE PERSONA
- Nombre de persona: Flipart, Joseph,
- Fechas asociadas al nombre: 1721-1797
670 ## - FUENTE DE DATOS ENCONTRADOS
- Cita de la fuente: Benezit
- Información encontrada: (Flipart, Charles Joseph o Giuseppe; pintor de historia y grabador)
670 ## - FUENTE DE DATOS ENCONTRADOS
- Cita de la fuente: Museo del Prado : catálogo de estampas, 1992
- Información encontrada: p. 346 (Charles-Joseph Flipart)
670 ## - FUENTE DE DATOS ENCONTRADOS
- Cita de la fuente: WWW.VIAF, 23-05-2017
- Información encontrada: (Flipart, Charles-Joseph, 1721-1797)
670 ## - FUENTE DE DATOS ENCONTRADOS
- Cita de la fuente: WWW.BNF, 23-05-2017
- Información encontrada: (Flipart, Charles-Joseph, 1721-1797)
678 ## - DATOS BIOGRÁFICOS O HISTÓRICOS
- Datos biográficos o históricos: París (Francia). Pintor y grabador francés. n. 1721 y m. Madrid, 1797; formado junto a su padre Jean Charles Flipart; en 1737 se traslada a Venecia, allí es alumno del grabador Joseph Wagner y sus maestros en pintura son Amigoni y Tiepolo; hacia 1750 es llamado a España por Fernando VI para ser su pintor y grabador de Cámara
